000 01188nam a22002657a 4500
005 20170124102937.0
010 _aB-119971
020 _c350.00
_a8188571067
035 _aB-119971
037 _bCen Lib/Ret
040 _aDPL
_bHN
082 _a822.08
_bवर्मादि
100 _aदिनेश चन्द्र वर्मा
_96739
245 _aसमकालीन हिन्दी नाटक एवं नाटककार /
_cदिनेश चन्द्र वर्मा
246 _aSamkaleen hindi natak ewam natakkar /
_bby Dinesh Chandra Verma
260 _aकानपुर
_bचिन्तन प्रकाशन
_c2003
270 _a3A/119 आवास विकास, हंस्पुरम
_bकानपुर
_e208 021
300 _a272पृ.
_c20सेमी (सजिल्द)
500 _aअनुक्रमाणिका शामिल
650 _aहिन्दी -- साहित्य
_947137
650 _aहिन्दी -- नाटक
_91413
650 _aHindi - literature
_947138
650 _aHindi - Play
_947139
942 _2ddc
_cHN
_h822.08
_mवर्मादि
999 _c112315
_d112315